000 00592nam a2200181 i 4500
001 58187
003 ES-MaACL
005 20230906163738.0
007 t|
008 031021s1977 sp ||||1| spa d
100 1 _aDuque, Aquilino.
_946145
245 1 3 _aEl mito de Doñana /
_cAquilino Duque ; prólogo de Miguel Delibes.
260 _a[Madrid] :
_bServicio de Publicaciones del Ministerio de Educacion,
_c[1977]
300 _a211 p., 6 lám. :
_bil. ;
_c27 cm.
700 1 _aDelibes, Miguel,
_d1920-2010
_9233557
852 _aES-MaACL
_jA-10538
_bR.99411
999 _c58187
_d58187